000 00441 a2200145 4500
999 _c7287
_d7287
020 _a9780226306285
050 _aHQ76.25 GRE 1988
100 _aGreenberg, David F.
_eauthor
245 _aThe Constucytion of Homosexuality /
_cDavid F. Greenberg
264 _aLondon :
_bThe University of Chicago Press,
_c1988
300 _ax, 635p.;
500 _aIncludes bibliography and index
650 _aHomosexuality
942 _2lcc
_cBK
_h76.25
_iGRE
_kHQ